Top 30 : Juice WRLD - Statistiques

Statistiques générales
  • Ce quiz a été pris 89 fois
  • Le résultat moyen est 15 sur 30
Statistiques - réponses
Top Titres Featuring % Correct
1 Lucid Dreams
94%
20 GO The Kid LAROI
91%
3 Godzilla Eminem
91%
8 Bandit YoungBoy Never Broke Again
77%
5 Come & Go Marshmello
75%
9 Hate Me Ellie Goulding
73%
4 Robbery
73%
2 All Girls Are The Same
70%
12 Wasted Lil Uzi Vert
66%
23 Smile The Weeknd
59%
16 Empty
53%
19 Ransom - Remix Lil Tecca
52%
6 Wishing Well
52%
11 Legends
48%
10 Armed And Dangerous
45%
26 Suicidal - Remix YNW Melly
44%
15 Black & White
42%
22 Nuketown Ski Mask The Slump God
42%
21 Fine China Future
41%
7 Lean Wit Me
41%
27 Hate The Other Side Marshmello, The Kid LAROI, Polo G
34%
13 Let Me Know (I Wonder Why Freestyle)
34%
24 Roses benny blanco, Brendon Urie
33%
29 Fast
31%
18 Hide Seezyn
30%
14 Righteous
30%
28 PTSD G Herbo, Lil Uzi Vert, Chance the Rapper
25%
17 1400 / 999 Freestyle Trippie Redd
23%
25 Conversations
22%
30 Flex Polo G
17%
Aucun quiz correspondant
Distribution des résultats
% des personnes avec chaque résultat
Percentile par nombre de réponses
Votre historique - résultats
Vous n’avez pas pris ce quiz